English for Cambridge Proficiency

Saved in:
Bibliographic Details
Main Author: Archer, Margaret
Other Authors: Nolan-Woods, Enid
Format: Book
Language:English
Published: Edinburgh Nelson 1980
Edition:1. ed.
Tags: Add Tag
No Tags, Be the first to tag this record!

MARC

LEADER 00000nam a2200000 4500
001 c028191
005 20221220101713.1
041 0 |a eng 
044 |a GB 
245 1 0 |a English for Cambridge Proficiency  |c Margaret Archer, Enid Nolan-Woods 
250 |a 1. ed. 
264 1 |a Edinburgh  |b Nelson  |c 1980 
300 |a 253 s. 
100 1 |a Archer, Margaret 
700 1 |a Nolan-Woods, Enid